000
00274nam a2200097Ia 4500
005
20250424112916.0
008
250424s9999 xx 000 0 und d
300
_a
v. ; 24 cm.
650
_a
English language--Nigeria--Periodicals. Nigeria--Languages--Periodicals.
942
_c
SR
999
_c
37815
_d
37815